Úverové zdroje sa preskupujú, ale nezvyšujú
Hodnotenie vývoja úverov, vkladov a úrokov na Slovensku od 31.12.1993 do 31.5.1995. Úverové zdroje. Úloha komerčných bánk pri poskytovaní voľných úverových prostriedkov podnikateľským subjektom. Rizikové úvery v bankách. Úverová politika v procese transformácie. Úvery podľa dĺžky a účelu.
Gespeichert in:
| 1. Verfasser: | |
|---|---|
| Format: | Buchkapitel |
| Sprache: | Slowakisch |
| Schlagworte: | |
| Tags: |
Keine Tags, Fügen Sie das erste Tag hinzu!
|
MARC
| LEADER | 00000naa a2200000 4500 | ||
|---|---|---|---|
| 001 | r018625 | ||
| 005 | 20221025113517.6 | ||
| 041 | 0 | |a slo | |
| 044 | |a SK | ||
| 245 | 1 | 0 | |a Úverové zdroje sa preskupujú, ale nezvyšujú |c Ján Artur Oberhauser |
| 520 | |a Hodnotenie vývoja úverov, vkladov a úrokov na Slovensku od 31.12.1993 do 31.5.1995. Úverové zdroje. Úloha komerčných bánk pri poskytovaní voľných úverových prostriedkov podnikateľským subjektom. Rizikové úvery v bankách. Úverová politika v procese transformácie. Úvery podľa dĺžky a účelu. | ||
| 610 | 2 | 0 | |a Slovensko |
| 610 | 2 | 0 | |a 1993-1995 |
| 610 | 2 | 0 | |a úver |
| 610 | 2 | 0 | |a úrok |
| 610 | 2 | 0 | |a banky obchodné |
| 610 | 2 | 0 | |a marža úroková |
| 610 | 2 | 0 | |a vklady |
| 610 | 2 | 0 | |a politika úverová |
| 610 | 2 | 0 | |a transformácia |
| 100 | 1 | |a Oberhauser, Ján Artur | |